The Innovation for development report 2010-2011 : innovation as a driver of productivity and economic growth.
| Format: | Book |
|---|---|
| Published: |
Basingstoke, New York:
Palgrave Macmillan,
2011.
|
| Subjects: |
| LEADER | 00504cam a2200145 7i4500 | ||
|---|---|---|---|
| 001 | 0000027170 | ||
| 005 | 20111102090000.0 | ||
| 020 | 0 | 0 | |a 9780230239678 |
| 090 | 0 | 0 | |a B 338.064 |b INN |
| 245 | 0 | 0 | |a The Innovation for development report 2010-2011 : |b innovation as a driver of productivity and economic growth. |
| 260 | 0 | 0 | |a Basingstoke, New York: |b Palgrave Macmillan, |c 2011. |
| 300 | # | # | |a 335p. |
| 650 | 0 | 0 | |a Development economics |
| 650 | 0 | 0 | |a Business innovation |
| 999 | |a B000029444 |b Book |c Book |e Business Information Centre | ||


